MARC

LEADER 00000nam0a2200000 4500
001 292194
005 20231102000453.0
035 |a (RuTPU)RU\TPU\book\316809 
090 |a 292194 
100 |a 20150421d1978 m y0rusy50 ca 
101 0 |a rus 
102 |a KG 
105 |a y j 001zy 
200 1 |a Физические основы резонансных методов исследования в химии  |e учебно-методическое пособие  |f Е. Ф. Макаров, Р. П. Озеров, К. У. Усенбаев  |g Фрунзенский политехнический институт (ФПИ) 
210 |a Фрунзе  |c Изд-во ФПИ  |d 1978 
215 |a 150 с. 
320 |a Библиогр.: с. 147 
606 1 |a Аналитическая химия  |x Резонансные методы  |2 stltpush  |3 (RuTPU)RU\TPU\subj\74286  |9 86683 
610 1 |a учебно-методические пособия 
610 1 |a элементарные частицы 
610 1 |a движение 
610 1 |a электроны 
610 1 |a спин электрона 
610 1 |a спин-орбитальное взаимодействие 
610 1 |a многоэлектронные атомы 
610 1 |a электронно-ядерные взаимодействия 
610 1 |a гамма-резонансная спектроскопия 
610 1 |a ядерный магнитный резонанс 
610 1 |a электронный парамагнитный резонанс 
610 1 |a рентгеновский флюоресцентный анализ 
675 |a 543.429.2(07)  |v 3 
700 1 |a Макаров  |b Е. Ф. 
701 1 |a Озеров  |b Р. П. 
701 1 |a Усенбаев  |b К. У. 
712 0 2 |a Фрунзенский политехнический институт (ФПИ)  |c (1954-1992)  |2 stltpush  |3 (RuTPU)RU\TPU\col\123 
801 1 |a RU  |b 63413507  |c 20150421 
801 2 |a RU  |b 63413507  |c 20190902  |g RCR 
942 |c BK